[Event "JUG-ch op"]
[Site "Nis"]
[Date "1996.??.??"]
[Round "1"]
[White "Djukic, Zeljko"]
[Black "Miljkovic, Miroslav"]
[Result "1-0"]
[WhiteElo "2385"]
[BlackElo "2150"]

1.Nf3 d5 2.g3 Nf6 3.Bg2 c6 4.b3 Bf5 5.Bb2 Nbd7 6.O-O e6 7.d3 Bc5 8.Nbd2 O-O
9.c4 Re8 10.Qc2 e5 11.a3 a5 12.e4 Bg4 13.exd5 cxd5 14.cxd5 Rc8 15.Qb1 Nxd5
16.Nc4 Qc7 17.Nfxe5 Nxe5 18.Nxe5 Rxe5 19.d4 Rh5 20.dxc5 Qxc5 21.Qe4 Bd7 22.Rac1 Qf8
23.Rxc8 Qxc8 24.Rc1 Bc6 25.Bf3 Rg5 26.h4 Rf5 27.Qg4  1-0

[Event "JUG-ch op"]
[Site "Nis"]
[Date "1996.??.??"]
[Round "2"]
[White "Popchev, Milko"]
[Black "Gaponenko, Inna"]
[Result "1/2-1/2"]
[WhiteElo "2475"]
[BlackElo "2390"]

1.g3 d5 2.Nf3 c6 3.Bg2 Nf6 4.b3 Bg4 5.Bb2 e6 6.O-O Nbd7 7.c4 Be7 8.d4 O-O
9.Nc3 Qb8 10.e3 b5 11.cxb5 cxb5 12.Qe2  1/2-1/2

[Event "JUG-ch op"]
[Site "Nis"]
[Date "1996.??.??"]
[Round "4"]
[White "Zivkovic, Rajko"]
[Black "Djukic, Zeljko"]
[Result "1/2-1/2"]
[WhiteElo "2240"]
[BlackElo "2385"]

1.Nf3 d5 2.g3 c6 3.Bg2 Nf6 4.O-O Bf5 5.d3 e6 6.b3 Nbd7 7.Bb2 Bc5 8.c4 O-O
9.Nc3 Qb8 10.Qd2 Rd8 11.a3 a5 12.cxd5 exd5 13.Rfc1 Qa7 14.Nd1 Qb6 15.Rab1 Re8
16.e3 Bg6 17.Nh4 Bh5 18.Nf5 Bg6  1/2-1/2

[Event "JUG-ch op"]
[Site "Nis"]
[Date "1996.??.??"]
[Round "4"]
[White "Kozlov, Oleg"]
[Black "Drasko, Milan"]
[Result "0-1"]
[WhiteElo "2370"]
[BlackElo "2505"]

1.Nf3 d5 2.g3 c6 3.Bg2 Bg4 4.c4 Nf6 5.O-O Bxf3 6.Bxf3 e6 7.d3 Bd6 8.Nc3 O-O
9.Bg2 Re8 10.Rb1 Na6 11.a3 Nc7 12.b4 b5 13.Re1 Nd7 14.Qb3 Bf8 15.cxb5 cxb5
16.Bf4 e5 17.Bd2 Nb6 18.a4 bxa4 19.Nxa4 Qd7 20.Nxb6 axb6 21.Be3 Rab8 22.Rec1 Red8
23.Ra1 Nb5 24.Ra6 Qd6 25.Bc5 Qc7 26.Be3 Qd6 27.Qa4 Nd4 28.Bxd4 exd4 29.b5 Qe5
30.Bf3 Bc5 31.Qb3 h5 32.Ra7 h4 33.Kg2 Qf5 34.Rc7 h3+ 35.Kg1 g5 36.R1xc5 bxc5
37.Rxc5 Rdc8 38.Rxc8+ Qxc8 39.Qd1 Rxb5 40.e3 Rc5 41.Qf1 Rc1 42.Bd1 Qc3  0-1

[Event "NOR-ch"]
[Site "NOR"]
[Date "1996.??.??"]
[Round "6"]
[White "Dannevig, Oystein"]
[Black "Tisdall, Jonathan D"]
[Result "0-1"]
[WhiteElo "2300"]
[BlackElo "2515"]

1.Nf3 d5 2.g3 c6 3.Bg2 Bg4 4.O-O Nd7 5.d3 e6 6.e4 Bd6 7.h3 Bh5 8.Qe1 Ne7
9.e5 Bc7 10.d4 O-O 11.Nh4 c5 12.c3 cxd4 13.cxd4 Nc6 14.Be3 Bb6 15.Qd2 f6
16.f4 fxe5 17.fxe5 Rxf1+ 18.Bxf1 Rc8 19.b4 Ncxe5 20.dxe5 Qg5 21.Bxb6 Qxg3+
22.Qg2 Qxh4 23.Be3 Nxe5 24.Nd2 Rc2 25.Qf2 Qxb4 26.Rb1 Qe7 27.Bg2 b6 28.Qg3 Qc7
29.Kh1 Bg6 30.Rf1 Qc3 31.Qf4 Nd7 32.Rf2 Nf6 33.Bd4 Qb4 34.Qb8+ Ne8 35.Qf4 h6
36.a3 Qxa3 37.Kh2 Qe7 38.Be5 Kh7 39.Bf1 Bf5 40.Qa4 Qg5 41.Qd4 Qh5 42.Qe3 Nf6
43.Bxf6 gxf6 44.Rg2 Rc8 45.Be2 Qh4 46.Qa3 Qf4+ 47.Kh1 Qc7 48.Nf1 Rg8 49.Ng3 Bxh3
50.Qd3+ f5 51.Rg1 Qe5 52.Kh2 Bg4 53.Bxg4 Rxg4 54.Rc1  0-1

[Event "North Bay op"]
[Site "North Bay"]
[Date "1996.??.??"]
[Round "?"]
[White "Filipovich, David"]
[Black "Williams, Paul"]
[Result "1/2-1/2"]
[WhiteElo "2215"]
[BlackElo "2255"]

1.Nf3 d5 2.g3 c5 3.Bg2 Nc6 4.d4 e6 5.O-O Qb6 6.c4 cxd4 7.cxd5 exd5 8.Nbd2 Nf6
9.Nb3 Be7 10.Nbxd4 O-O 11.Be3 Qxb2 12.Rb1 Qxa2 13.Ra1 Qb2 14.Qd3 Ne4 15.Rfb1 Qc3
16.Rc1 Qxd3 17.exd3 Nxd4 18.Bxd4 Nf6 19.Rxa7 Rxa7 20.Bxa7 Bf5 21.Rc7 Bd6
22.Rxb7 Bxd3 23.Bd4 Ne4 24.Ne5 Be2 25.Rd7  1/2-1/2

[Event "North Bay op"]
[Site "North Bay"]
[Date "1996.??.??"]
[Round "?"]
[White "Hergott, Deen"]
[Black "Gonzales, Jorge A"]
[Result "0-1"]
[WhiteElo "2445"]
[BlackElo "2350"]

1.Nf3 d5 2.g3 c6 3.Bg2 Bg4 4.d4 Nd7 5.O-O e6 6.h3 Bf5 7.c4 Ngf6 8.Nc3 h6
9.Qb3 Qb6 10.c5 Qc7 11.Bf4 Qc8 12.g4 Bh7 13.Rac1 Be7 14.Ne5 O-O 15.Rfe1 Re8
16.Qd1 Nxe5 17.Bxe5 Nd7 18.Bg3 Qd8 19.Qb3 b6 20.cxb6 axb6 21.e4 Bg5 22.Rcd1 Qf6
23.e5 Qd8 24.a3 b5 25.f4 Be7 26.f5 Rb8 27.Na2 exf5 28.e6 fxe6 29.Rxe6 Nc5
30.dxc5 Bxc5+ 31.Kh1 Rxe6 32.Bxd5 cxd5 33.Rxd5 Qe8 34.Rxc5 Qf7 35.Qd5 f4  0-1

[Event "Nova Gorica"]
[Site "Nova Gorica"]
[Date "1996.??.??"]
[Round "6"]
[White "Cvitan, Ognjen"]
[Black "Pavasovic, Dusko"]
[Result "1/2-1/2"]
[WhiteElo "2540"]
[BlackElo "2425"]

1.Nf3 d5 2.g3 Bg4 3.Bg2 Nd7 4.O-O c6 5.d3 Ngf6 6.Nbd2 e5 7.e4 dxe4 8.dxe4 Be7
9.h3 Bh5 10.a4 O-O 11.Qe2 Qc7 12.b3 Nc5 13.Bb2 Nfd7 14.Nc4 g6 15.b4 Ne6 16.c3 Nb6  1/2-1/2

[Event "Oberwart op"]
[Site "Oberwart"]
[Date "1996.??.??"]
[Round "5"]
[White "Loginov, Valery A"]
[Black "Peisser, Manfred"]
[Result "1-0"]
[WhiteElo "2525"]
[BlackElo "2190"]

1.Nf3 d5 2.g3 Nf6 3.Bg2 c6 4.O-O Nbd7 5.c4 e6 6.cxd5 exd5 7.d3 Be7 8.Nc3 O-O
9.e4 dxe4 10.dxe4 Qa5 11.Bd2 Qh5 12.Nd4 Qxd1 13.Raxd1 Ne5 14.Bf4 Nc4 15.b3 Nb6
16.h3 Re8 17.Rd3 Nh5 18.Be3 g6 19.g4 Ng7 20.f4 Nd7 21.e5 Nc5 22.Rdd1 f5 23.exf6 Bxf6
24.Bf2 Nge6 25.Nde2 Be7 26.b4 Na6 27.b5 Nb8 28.bxc6 bxc6 29.Nd4 Nxd4 30.Bxd4 Rd8
31.Rfe1 Kf8 32.Rxe7 Kxe7 33.Bf6+ Kxf6 34.Rxd8 Bb7 35.Ne4+ Ke7 36.Rh8 Nd7
37.Rxh7+  1-0

[Event "Oberwart op"]
[Site "Oberwart"]
[Date "1996.??.??"]
[Round "6"]
[White "Gasiunas, Natalia"]
[Black "Tomcsanyi, Peter"]
[Result "1/2-1/2"]
[WhiteElo "2205"]
[BlackElo "2235"]

1.Nf3 d5 2.g3 Nf6 3.Bg2 c6 4.d3 Bg4 5.Nbd2 Nbd7 6.h3 Bh5 7.c4 e5 8.g4 Bg6
9.Nh4 dxc4 10.Nxg6 hxg6 11.Nxc4 Nd5 12.d4 exd4 13.Qxd4 Bc5 14.Qe4+ Kf8 15.g5 Qc7
16.O-O Re8 17.Qg4 b5 18.e4 bxc4 19.exd5 cxd5 20.Bxd5 Ne5 21.Bf4 Bd6 22.Bxe5 Rxe5
23.Bg2 Rf5 24.Rae1 Bf4 25.Re4 Rh5 26.Qe2 Kg8 27.Rxc4 Rc5 28.Qe8+ Kh7 29.Rxc5 Qxc5
30.Qxf7 Qxg5 31.Qe6 Rh4 32.Re1 Bc7 33.Kf1 Rf4 34.Bd5 Rf8 35.f3 Rd8 36.Bc4 Rf8
37.Qg4 Qxg4 38.hxg4 Rxf3+ 39.Ke2 Rh3 40.b4 Kh6 41.Rf1 Rc3 42.Bb3 Rg3 43.Be6 Kg5
44.Rf3 Rxf3 45.Kxf3 Kf6 46.Bc4 Ke5 47.Ke3 Bd6 48.b5 Ba3 49.Kd3 Kd6 50.Kc3 Kc5  1/2-1/2

[Event "Oberwart op"]
[Site "Oberwart"]
[Date "1996.??.??"]
[Round "7"]
[White "Loginov, Valery A"]
[Black "Zetthofer, Gerald"]
[Result "1-0"]
[WhiteElo "2525"]
[BlackElo "2215"]

1.Nf3 d5 2.g3 Nf6 3.Bg2 Bf5 4.c4 c6 5.O-O e6 6.d3 Be7 7.Be3 dxc4 8.dxc4 Qxd1
9.Rxd1 Na6 10.Nc3 h6 11.Nd4 O-O 12.Nxf5 exf5 13.Bh3 g6 14.Bxh6 Rfd8 15.Bg5 Nc5
16.Be3 Ne6 17.Rxd8+ Bxd8 18.b4 Bc7 19.Rd1 Kf8 20.Bg2 Ng4 21.Bd2 Ne5 22.b5 Ba5
23.bxc6 bxc6 24.Be1 Rc8 25.Rc1 Nd4 26.Kf1 Ng4 27.h3 Ne5 28.Nd1 Bxe1 29.Kxe1 Rb8
30.f4  1-0

[Event "Oberwart op"]
[Site "Oberwart"]
[Date "1996.??.??"]
[Round "9"]
[White "Cvitan, Ognjen"]
[Black "Kummer, Helmut"]
[Result "1-0"]
[WhiteElo "2535"]
[BlackElo "2300"]

1.Nf3 d5 2.g3 c6 3.Bg2 Bg4 4.O-O Nd7 5.d3 Ngf6 6.Nbd2 e5 7.e4 dxe4 8.dxe4 Qc7
9.h3 Bxf3 10.Qxf3 Bc5 11.Rb1 O-O 12.b4 Be7 13.Nc4 Rfe8 14.h4 h5 15.Bh3 b5
16.Ne3 g6 17.c4 Nb6 18.cxb5 cxb5 19.Bb2 Rad8 20.Rfc1 Qb7 21.Bg2 Ng4 22.Nxg4 hxg4
23.Qxg4 Bxb4 24.h5 Re6 25.Bf1 Bd2 26.Rd1 Nc4 27.Bh3 Qc6 28.Kg2 Red6 29.hxg6 Rxg6
30.Qe2 Bg5 31.Bf5 Rxd1 32.Rxd1 Rd6 33.Rxd6 Qxd6 34.Qh5 Bf6 35.Bc3 Bg7 36.Qe2 a6
37.Be1 Qd4 38.Bc8 a5 39.Bb7 b4 40.Qe3 Nd6 41.Bd5 Kf8 42.Qe2 Bh6 43.Qa6 Qc5
44.Qa8+ Kg7 45.Qd8 Bc1 46.Qe7 Bb2 47.Bd2 Bd4 48.Bg5 Qc2 49.Qf6+ Kh7 50.Qh6+ Kg8
51.Qg6+  1-0

[Event "RUS-Cup3"]
[Site "Omsk"]
[Date "1996.??.??"]
[Round "2"]
[White "Starosek, Konstantin"]
[Black "Nenashev, Alexander"]
[Result "1/2-1/2"]
[WhiteElo "2475"]
[BlackElo "2580"]

1.Nf3 d5 2.g3 g6 3.Bg2 Bg7 4.d4 Nf6 5.O-O O-O 6.Be3 Nc6 7.h3 Ne4 8.Qc1 Re8
9.Rd1 Bf5 10.c4 dxc4 11.Na3 c3 12.bxc3 Nd6 13.Bh6 Bh8 14.Nd2 Qc8 15.Kh2 e5
16.d5 Nd8 17.e4 Bd7 18.c4 c5 19.dxc6 Qxc6 20.c5 Nc8 21.Nb3 Ne6 22.Nc2 Qa4
23.Ne3 Bc6 24.Nd5 Ne7 25.Nc3 Qb4 26.Nd5 Qa4 27.Nc3 Qb4 28.Nd5 Qa4 29.Nc3  1/2-1/2

[Event "RUS-Cup3"]
[Site "Omsk"]
[Date "1996.??.??"]
[Round "3"]
[White "Zemerov, Vladimir"]
[Black "Yarovik, Yuri"]
[Result "1-0"]
[WhiteElo "2400"]
[BlackElo "2375"]

1.Nf3 d5 2.g3 c6 3.Bg2 Nf6 4.O-O Bg4 5.c4 Nbd7 6.cxd5 cxd5 7.Nc3 e6 8.Qa4 a6
9.d4 b5 10.Qb3 Be7 11.Bf4 O-O 12.Rac1 Rc8 13.a3 h6 14.Ne5 Nxe5 15.Bxe5 Nd7
16.Bf4 Nb6 17.e4 Bf6 18.h3 Bh5 19.exd5 Bxd4 20.dxe6 Nc4 21.g4 fxe6 22.Ne2 Rxf4
23.Nxf4 Bf7 24.Ne2 Bb6 25.Qd1 Qf6 26.Qd7 Rd8 27.Qb7 e5 28.Ng3 e4 29.Nxe4 Qxb2
30.Rcd1 Rxd1 31.Rxd1 Qxa3 32.Nd6 Bxf2+ 33.Kxf2 Qc5+ 34.Ke2 Nxd6 35.Qa8+ Kh7
36.Bd5 Qc2+ 37.Rd2 Qg6 38.Bxf7 Nxf7 39.Qf3 Qe6+  1-0

[Event "RUS-Cup3"]
[Site "Omsk"]
[Date "1996.??.??"]
[Round "6"]
[White "Sherbakov, Ruslan"]
[Black "Burmakin, Vladimir"]
[Result "0-1"]
[WhiteElo "2555"]
[BlackElo "2505"]

1.Nf3 d5 2.g3 c6 3.Bg2 Bg4 4.O-O Nf6 5.d4 Nbd7 6.Nbd2 e6 7.Re1 Be7 8.e4 dxe4
9.Nxe4 O-O 10.c3 Qb6 11.Ned2 c5 12.Nc4 Qa6 13.Qb3 cxd4 14.cxd4 Rac8 15.Nfe5 b5
16.Ne3 Bh5 17.Nxd7 Nxd7 18.Bd2 Bf6 19.Bc3 Qb6 20.a4 Bxd4 21.axb5 Bxc3 22.bxc3 Nc5
23.Qc4 Bg6 24.Bc6 a6 25.Qe2 Bd3 26.Nc4 Qc7 27.Qa2 axb5 28.Ne5 Bc4 29.Nxc4 bxc4
30.Be4 Nb3 31.Rad1 Rfd8 32.Bc2 Ra8 33.Qb2 g6 34.Rxd8+ Rxd8 35.Rd1 Rxd1+ 36.Bxd1 Qd6
37.Be2 Qd5 38.Qb1 Kg7 39.Qd1 Kf6 40.Bf3 Qd2 41.Be2 Qxc3 42.Qf1 Kg7 43.h4 h5
44.Kh2 Qd4 45.Kh3  0-1

[Event "RUS-Cup3"]
[Site "Omsk"]
[Date "1996.??.??"]
[Round "8"]
[White "Starosek, Konstantin"]
[Black "Burmakin, Vladimir"]
[Result "1/2-1/2"]
[WhiteElo "2475"]
[BlackElo "2505"]

1.Nf3 d5 2.g3 c6 3.Bg2 Bg4 4.O-O Nd7 5.d3 Ngf6 6.Nbd2 e5 7.e4 Bd6 8.h3 Bxf3
9.Qxf3 O-O 10.Qe2 Re8 11.b3 a5 12.a3 Qb6 13.Rb1 Nf8 14.exd5 Nxd5 15.Bb2 Qd8
16.Nc4 Bc7 17.Rfe1 Nd7 18.Qh5 N5b6 19.Ne3 Nf6 20.Qf3 Qd7 21.Re2 Nfd5 22.Ng4 f6
23.Rbe1 Qf7 24.h4 Nd7 25.Qf5 Nf8 26.h5 Bb6 27.h6 Qg6 28.hxg7 Kxg7 29.Qxg6+ Nxg6
30.d4 h5 31.Bxd5 cxd5 32.Ne3 Rad8 33.c4 dxc4 34.dxe5 Nxe5 35.Bxe5 Rxe5 36.Nxc4 Rxe2
37.Rxe2 Bc5  1/2-1/2

[Event "ESP-chTA"]
[Site "Oropesa del Mar"]
[Date "1996.??.??"]
[Round "4"]
[White "Garcia Luque, Agustin"]
[Black "De la Villa Garcia, Jesus Maria"]
[Result "1-0"]
[WhiteElo "2350"]
[BlackElo "2495"]

1.Nf3 d5 2.g3 Bg4 3.Bg2 Nd7 4.c4 e6 5.cxd5 exd5 6.O-O Ngf6 7.d3 Be7 8.Nc3 O-O
9.h3 Be6 10.Nd4 c6 11.e4 Nb6 12.e5 Ne8 13.f4 Bc8 14.Kh2 f5 15.exf6 Bxf6 16.Nf3 Nd6
17.Be3 Nf5 18.Bc5 Nd7 19.Bxf8 Ne3 20.Qb3 Qxf8 21.d4 Nxf1+ 22.Rxf1 Qd8 23.Ne5 Nf8
24.f5 h6 25.Nxd5 Kh7 26.Nxf6+ Qxf6 27.Ng4 Qxd4 28.Qf7  1-0

[Event "ESP-chTA"]
[Site "Oropesa del Mar"]
[Date "1996.??.??"]
[Round "6"]
[White "Todorcevic, Miodrag"]
[Black "De la Villa Garcia, Jesus Maria"]
[Result "0-1"]
[WhiteElo "2460"]
[BlackElo "2495"]

1.Nf3 d5 2.g3 Bg4 3.Bg2 Nd7 4.c4 e6 5.cxd5 exd5 6.Qb3 Nc5 7.Qc2 Nf6 8.O-O Be7
9.b4 Ne6 10.Bb2 O-O 11.a3 c6 12.d3 Qb6 13.Nbd2 a5 14.Rab1 axb4 15.Bxf6 Bxf6
16.Rxb4 Qa5 17.Rxg4 Qxa3 18.Nb1 Qa5 19.Qb3 h5 20.Rf4 Nxf4 21.gxf4 Qa2 22.Nbd2 Qxb3
23.Nxb3 Ra2 24.e3 Rb2 25.Nc5 Be7 26.Nd7 Ra8 27.d4 f6 28.Bh3 Kf7 29.Kg2 Bd6
30.Ne1 Ra3 31.Kf3 g5 32.Bf5 gxf4 33.Nd3 Rd2 34.Nxf4 Rxd4 35.Be6+ Ke7 36.Ne2 Kxe6
37.Nxd4+ Kxd7 38.Rg1 Bxh2 39.Rg7+ Kc8 40.Ne6 Bd6 41.Rh7 c5 42.Rxh5 Kd7 43.Ng7 Bf8
44.Nf5 Ke6 45.Kg4 b5 46.Rh8 Ra8 47.Ng7+ Ke5 48.f4+ Ke4 49.Ne6 c4 50.Nc7 f5+
51.Kg3 c3 52.Nxa8 c2 53.Rh1 Ba3 54.Nc7 b4 55.Nb5 c1=Q  0-1

[Event "ESP-chTA"]
[Site "Oropesa del Mar"]
[Date "1996.??.??"]
[Round "7"]
[White "Brito, Alfredo"]
[Black "Gil Gonzales, Jose Manuel"]
[Result "1/2-1/2"]
[WhiteElo "2395"]
[BlackElo "2410"]

1.Nf3 d5 2.g3 Nf6 3.Bg2 c6 4.O-O Bg4 5.c4 Nbd7 6.cxd5 cxd5 7.d3 e6 8.a3 Be7
9.Nbd2 O-O 10.b4 a5 11.Rb1 axb4 12.axb4 Qc7 13.h3 Bh5 14.Qb3 Rfc8 15.Nd4 Bg6
16.Ba3 Qb6 17.N4f3 Bd6 18.Bb2 Qb5 19.Bd4 e5 20.Ba1 Ra4 21.Bc3 Rca8 22.Rfc1 Ra3
23.Qd1 e4 24.dxe4 dxe4 25.Nd4 Qa6 26.Ra1 Rc8 27.Rxa3 Qxa3 28.Nb5 Qa6 29.Nxd6 Qxd6
30.Bxf6 Rxc1 31.Qxc1 gxf6 32.Nxe4 Qxb4 33.Qc8+ Kg7 34.Qxd7 Qb1+ 35.Kh2 Bxe4
36.Qg4+ Bg6 37.h4 b5 38.Bd5 b4 39.Qc4 Qb2 40.Kg2 Qc3 41.Qb5 Qe5 42.Qb7 Qd4
43.Bf3 Qd2 44.Bd5 Qc3 45.Qb5 Qd4 46.Qb7 Qc3 47.Qb5  1/2-1/2

[Event "ESP-chT"]
[Site "Oropesa del Mar"]
[Date "1996.??.??"]
[Round "9"]
[White "Cerrajeria, Jesus Maria"]
[Black "Rodriguez Lopez, Rafael"]
[Result "1-0"]
[WhiteElo "2210"]
[BlackElo "2410"]

1.g3 d5 2.Nf3 c6 3.Bg2 Bf5 4.O-O Nd7 5.d3 Ngf6 6.Nbd2 h6 7.Re1 e6 8.e4 Bh7
9.e5 Ng8 10.h4 Ne7 11.Qe2 c5 12.h5 Nc6 13.Nf1 Qc7 14.Bf4 Nb6 15.c3 c4 16.dxc4 Nxc4
17.b3 Nb6 18.a4 a6 19.a5 Nc8 20.Nd4 Nxd4 21.cxd4 Qd7 22.Ne3 Bb4 23.Rec1 Ne7
24.Ra4 b5 25.axb6 a5 26.Rc7 Qd8 27.Qb5+ Kf8 28.Bf1 Rb8 29.Rd7 Qc8 30.Rxb4 axb4
31.Rxe7 g5 32.hxg6 Bxg6 33.Rc7 Qd8 34.Qxb4+ Kg7 35.Qc5 h5 36.b7 h4 37.Qe7 hxg3
38.fxg3 Qxe7 39.Rxe7 Rhe8 40.Rxe8 Rxe8 41.Nxd5 Rb8 42.Ba6 Be4 43.Nc3 Bxb7
44.Bc4 Rd8 45.Be3 f6 46.Bxe6 fxe5 47.d5 Bc8 48.Bg5 Rf8 49.Bxc8 Rxc8 50.d6  1-0

[Event "Komercni Banka op"]
[Site "Pardubice"]
[Date "1996.??.??"]
[Round "1"]
[White "Freisler, Pavel"]
[Black "Shkadiouk, Alexandr"]
[Result "1-0"]
[WhiteElo "2350"]
[BlackElo "2115"]

1.Nf3 d5 2.g3 Nf6 3.Bg2 c6 4.O-O Bf5 5.d3 e6 6.Nbd2 Be7 7.Qe1 h6 8.e4 Bh7
9.Qe2 O-O 10.Ne5 Na6 11.f4 Nc5 12.Kh1 Re8 13.exd5 exd5 14.Ndf3 Bd6 15.Qf2 Ncd7
16.Nxd7 Qxd7 17.Bd2 Re7 18.Rae1 Rxe1 19.Rxe1 c5 20.Ne5 Qc7 21.Qf3 Re8 22.Ng4 Rxe1+
23.Bxe1 Nxg4 24.Qxg4 d4 25.Bd2 c4 26.f5 cxd3 27.Bxh6 Be5 28.cxd3 Bxf5 29.Qxf5 gxh6
30.Bd5 b6 31.Kg2 Bg7 32.Kh3 Kf8 33.Kg4 Ke8 34.Kh5 Kf8 35.h4 Qe5 36.Qxe5 Bxe5
37.Kxh6 Bxg3 38.Kg5 f6+ 39.Kg4 Bf2 40.h5 Kg7 41.Kf5 Be3 42.b4 a5 43.b5 Bd2
44.Ke4 Bc3 45.a4 Kh6 46.Bf7 f5+ 47.Kd5 f4 48.Kc6 f3 49.Bd5 f2 50.Bg2 Kxh5
51.Kxb6 Kg4 52.Kc5 Kg3 53.Bf1 Kh2 54.b6 Kg1 55.Be2 Bb4+ 56.Kxd4 f1=Q 57.Bxf1 Kxf1
58.b7 Bd6 59.Kd5  1-0

[Event "Komercni Banka op"]
[Site "Pardubice"]
[Date "1996.??.??"]
[Round "3"]
[White "Jurek, Josef"]
[Black "Buchnicek, Petr"]
[Result "1-0"]
[WhiteElo "2380"]
[BlackElo "2205"]

1.Nf3 d5 2.g3 c6 3.Bg2 Bg4 4.b3 Nd7 5.Bb2 f6 6.d4 e6 7.O-O Bd6 8.c4 f5 9.Qc2 Nh6
10.Ne5 Nxe5 11.dxe5 Bc7 12.f3 Bh5 13.e4 dxe4 14.fxe4 O-O 15.Na3 Qg5 16.Rf4 fxe4
17.Raf1 Bxe5 18.h4 Qe7 19.Bxe5 Qxa3 20.Bxe4 Qc5+ 21.Kg2 Ng4 22.Bd4 Qe7 23.Bxh7+ Kh8
24.Bg6 Rxf4 25.Rxf4 e5 26.Bxh5 exf4 27.Bxg4 Rd8 28.Bf2 fxg3 29.Bxg3 Qe3 30.Qf5 Kg8
31.Bf2 Qd2 32.Qe6+ Kh8 33.Qe7 b5 34.Qf7 Qd6 35.Be3 Rf8 36.Qh5+ Kg8 37.Bf5 Rf6
38.Qe8+ Rf8 39.Be6+  1-0

[Event "Komercni Banka op"]
[Site "Pardubice"]
[Date "1996.??.??"]
[Round "3"]
[White "Schettler, Juergen"]
[Black "Ulak, Slawomir"]
[Result "0-1"]
[WhiteElo "2160"]
[BlackElo "2310"]

1.Nf3 d5 2.g3 c6 3.Bg2 Bg4 4.O-O Nd7 5.d3 e6 6.Nbd2 Bd6 7.e4 Ne7 8.h3 Bh5
9.Qe1 O-O 10.Kh1 e5 11.Nh4 Nc5 12.f4 exf4 13.gxf4 dxe4 14.dxe4 f5 15.e5 Bc7
16.Bf3 Bxf3+ 17.Ndxf3 Ne6 18.Ng2 Qe8 19.Qg3 Nd5 20.a3 Rd8 21.Be3 Nxe3 22.Nxe3 b5
23.Rad1 Bb6 24.Rxd8 Qxd8 25.Rd1 Qe7 26.Ng2 Rd8 27.Qe1 c5 28.Rxd8+ Qxd8 29.Qd2 Qxd2
30.Nxd2 c4 31.Nb1 Bd4 32.c3 Bf2 33.Kh2 Nc5 34.Nd2 Na4 35.Nf3 Nxb2 36.Nd4 Bxd4
37.cxd4 c3 38.Ne3 Nc4 39.Nc2 Nxa3  0-1

[Event "Komercni Banka op"]
[Site "Pardubice"]
[Date "1996.??.??"]
[Round "5"]
[White "Schettler, Juergen"]
[Black "Gorjatchev, Victor"]
[Result "0-1"]
[WhiteElo "2160"]
[BlackElo "2370"]

1.Nf3 d5 2.g3 Nf6 3.Bg2 e6 4.O-O Be7 5.d4 O-O 6.c4 dxc4 7.Ne5 Nc6 8.Nxc6 bxc6
9.Na3 Bxa3 10.bxa3 Rb8 11.a4 Nd5 12.Ba3 Re8 13.Qc2 Ba6 14.Rfb1 Qg5 15.Bc5 c3
16.e4 Qd2 17.Qxd2 cxd2 18.Rd1 Nc3 19.Rxd2 Rb7 20.Rc2 Ne2+ 21.Kh1 Reb8 22.h3 Rb2
23.Rxb2 Rxb2 24.Bxa7 Rb4 25.Bc5 Rxa4 26.Bf1 Nc3 27.Bxa6 Rxa6 28.f3 Rxa2 29.Rxa2 Nxa2
30.Kg2 f6 31.Kf2 Nc3 32.Ke3 Kf7 33.Kd3 Na4 34.Ba3 Ke8 35.Kc4 g6 36.g4 Nb6+
37.Kc5 Kd7 38.Bc1 Nc8 39.Bd2 Nd6 40.Bf4 Nf7 41.Kc4 e5 42.dxe5 Nxe5+ 43.Bxe5 fxe5
44.g5 Kd6 45.Kb4 c5+ 46.Kb5 c6+ 47.Kc4 Kd7 48.Kxc5 Kc7 49.Kc4 Kb6 50.Kb4 c5+
51.Kc4 Kc6 52.h4 Kb6 53.Kd5 Kb5 54.Kxe5 c4 55.Kf4 c3 56.Ke3 Kb4 57.e5 Kb3  0-1

[Event "Komercni Banka op"]
[Site "Pardubice"]
[Date "1996.??.??"]
[Round "6"]
[White "Malisauskas, Vidmantas"]
[Black "Najer, Evgeniy"]
[Result "1/2-1/2"]
[WhiteElo "2525"]
[BlackElo "2480"]

1.Nf3 d5 2.g3 g6 3.Bg2 Bg7 4.d4 Nf6 5.O-O O-O 6.c4 c6 7.Na3 Bf5 8.b3 Nbd7
9.Bb2 Ne4 10.e3 Qa5 11.Qe1 Qxe1 12.Rfxe1 Ndc5 13.Red1 Na6 14.Nd2 Nb4 15.Nxe4 Bxe4
16.Bxe4 dxe4 17.Bc3 Nd3 18.Nc2 c5 19.Rab1 Rac8 20.Ba1 f5 21.dxc5 Bxa1 22.Rxa1 Rxc5
23.Ne1 Ne5 24.Kf1 Kf7 25.Ke2 Ke6 26.h4 h6 27.Nc2 Rfc8 28.Rd2 Kf6 29.Nb4 e6
30.a4  1/2-1/2

[Event "Komercni Banka op"]
[Site "Pardubice"]
[Date "1996.??.??"]
[Round "6"]
[White "Ianov, Viktor"]
[Black "Kniest, Oliver"]
[Result "0-1"]
[WhiteElo "2425"]
[BlackElo "2170"]

1.Nf3 d5 2.g3 c5 3.Bg2 Nc6 4.d4 e6 5.O-O Nf6 6.c4 Be7 7.Nc3 O-O 8.cxd5 exd5
9.dxc5 Bxc5 10.Bg5 d4 11.Bxf6 Qxf6 12.Nd5 Qd8 13.Ne1 Re8 14.Rc1 Bb6 15.Nd3 Bg4
16.Re1 Ba5 17.b4 Be6 18.Rc5 Bb6 19.Rb5 a6 20.Rxb6 Bxd5 21.Bxd5 Qxb6 22.Qb3 Re7
23.a3 Qd8 24.Nc5 Qd6 25.Ne4 Qg6 26.f3 Ne5 27.Rc1 h5 28.Kg2 Rd8 29.Rd1 d3
30.Nc3 dxe2 31.Nxe2 Nd3  0-1

[Event "Komercni Banka op"]
[Site "Pardubice"]
[Date "1996.??.??"]
[Round "7"]
[White "Schettler, Juergen"]
[Black "Schuetz, Peter"]
[Result "1-0"]
[WhiteElo "2160"]
[BlackElo "2020"]

1.Nf3 d5 2.g3 Nf6 3.Bg2 Nbd7 4.d4 c5 5.O-O e6 6.c4 cxd4 7.Nxd4 Nb6 8.cxd5 Nfxd5
9.e4 Nc7 10.Nc3 Bd7 11.Bf4 Rc8 12.Qe2 Bc5 13.Rfd1 Bxd4 14.Rxd4 O-O 15.Rad1 Re8
16.e5 Rb8 17.Qd2 Re7 18.Bg5 f6 19.exf6 Rf7 20.fxg7 Qe8 21.Ne4 Ncd5 22.Nd6  1-0

[Event "Komercni Banka op"]
[Site "Pardubice"]
[Date "1996.??.??"]
[Round "9"]
[White "Jurek, Josef"]
[Black "Hladik, Josef"]
[Result "1/2-1/2"]
[WhiteElo "2380"]
[BlackElo "2185"]

1.Nf3 d5 2.g3 Nf6 3.c4 c6 4.Bg2 Bf5 5.cxd5 cxd5 6.Qb3 Qb6 7.Qxb6 axb6 8.Nc3 Bd7
9.d3 e6 10.O-O Na6 11.Ne5 Bc6 12.e4 Bd6 13.Bf4 Bxe5 14.Bxe5 dxe4 15.dxe4 Nc5
16.Rfd1 Ncxe4 17.Nxe4 Nxe4 18.Bxg7 Rg8 19.Be5 Nc5 20.Bc7 b5 21.Rd6 Bxg2 22.Kxg2 Rc8
23.Rad1 f6 24.Bb6 Kf7 25.Bxc5 Rxc5 26.Rd7+ Kg6 27.Rxb7 Rg7 28.Rb6 Re5 29.Rd4 Rc7
30.Rb4 Rc2 31.R6xb5 Ree2 32.Rg4+ Kh6 33.Rh4+ Kg6 34.Rg4+ Kh6 35.Rf4 Kg6 36.a4 Rxb2
37.Rxb2 Rxb2 38.Rg4+ Kf7 39.Rh4 Kg6 40.Rg4+ Kf7 41.Rc4 Kg6 42.Rc8 Ra2 43.Rg8+ Kf7
44.Ra8 Kg6 45.a5 h6 46.h3 Ra3 47.Ra6 e5 48.Kf1 Ra2 49.Ra7 Kf5 50.a6 h5 51.Ra8 Kg6
52.Ke1 Kg7 53.f3 Ra3 54.Kf2 Kh7 55.h4 Kg7 56.Ke2 Kh7 57.a7 Kg7 58.Kd2 Ra2+
59.Kc3 Ra3+ 60.Kb4 Ra1 61.Kc5 Rc1+ 62.Kd5 Ra1 63.Ke4 Ra3 64.g4 Ra4+ 65.Kf5 hxg4
66.Rb8 Rxa7 67.fxg4 Ra4 68.Rb7+ Kg8 69.g5 fxg5 70.hxg5 e4 71.Re7 Ra5+ 72.Kg6 Ra6+
73.Kh5 e3 74.g6 Ra1  1/2-1/2

[Event "Wch U14 Disney Girls"]
[Site "Paris"]
[Date "1996.??.??"]
[Round "5"]
[White "Calotescu, Cristina"]
[Black "Pokorna, Regina"]
[Result "0-1"]
[WhiteElo "2095"]
[BlackElo "2195"]

1.Nf3 d5 2.g3 e6 3.Bg2 c5 4.O-O Nf6 5.c4 Nc6 6.cxd5 exd5 7.d4 cxd4 8.Nxd4 Be7
9.Nc3 O-O 10.Bg5 h6 11.Bf4 Bg4 12.h3 Bh5 13.Ndb5 d4 14.Bxc6 dxc3 15.Qxd8 Raxd8
16.Bxb7 Bxe2 17.Nxc3 Bxf1 18.Kxf1 Bd6 19.Be3 Rb8 20.Bf3 Rxb2 21.Bxa7 Be5
22.Nd1 Rd2 23.Be3 Rc2 24.Rb1 Rxa2 25.Nc3  0-1

[Event "St Petersburg-Paris"]
[Site "Paris"]
[Date "1996.??.??"]
[Round "8"]
[White "Popov, Valerij"]
[Black "Sharif, Mershad"]
[Result "0-1"]
[WhiteElo "2470"]
[BlackElo "2500"]

1.g3 d5 2.Nf3 Bg4 3.Bg2 Nd7 4.d4 e6 5.O-O Ngf6 6.Nbd2 Be7 7.Re1 O-O 8.e4 c5
9.e5 Ne8 10.dxc5 Nxc5 11.b3 Rc8 12.Bb2 b5 13.Qe2 Qb6 14.Qe3 Nc7 15.a3 a5
16.Nd4 f5 17.exf6 Bxf6 18.h3 Bh5 19.g4 Bg6 20.f4 Nd7 21.g5 Be7 22.Rac1 Bd6
23.Rf1 Rce8 24.Kh1 b4 25.axb4 axb4 26.Qg3 Nb5 27.Nxb5 Qxb5 28.Qe3 Qc5 29.Qxc5 Nxc5
30.Bd4 Rc8 31.Be3 Nd7 32.Ra1 Rxc2 33.Ra6 Bc5 34.Bxc5 Nxc5 35.Rc6 Nxb3 36.Rxc2 Bxc2
37.Nxb3 Bxb3 38.Rb1 Bc4 39.Rxb4 Rxf4 40.Rb6 Kf7 41.Kh2 Bd3 42.Kg3 Ra4 43.h4 Be4
44.Bxe4 Rxe4 45.h5 e5 46.Rb7+ Ke6 47.Rxg7 Kf5 48.h6 Rg4+ 49.Kh3 Rxg5 50.Kh4 Rg6
51.Kh5 d4 52.Rf7+ Ke4 53.Rxh7 Rg1 54.Rg7 Rh1+ 55.Kg5 d3 56.h7 d2 57.Rd7  0-1

[Event "Parnu-B"]
[Site "Parnu"]
[Date "1996.??.??"]
[Round "1"]
[White "Kengis, Edvins"]
[Black "Westerinen, Heikki MJ"]
[Result "1/2-1/2"]
[WhiteElo "2570"]
[BlackElo "2410"]

1.Nf3 d5 2.g3 Bg4 3.Bg2 Nd7 4.c4 dxc4 5.Na3 Ngf6 6.Nxc4 c6 7.O-O e6 8.b4 Be7
9.Rb1 Qc7 10.d3 Nd5 11.Qe1 O-O 12.e4 Bxf3 13.Bxf3 N5b6 14.Na5 Ne5 15.Be2 Rad8
16.Rb3 Na4 17.Bf4 Bf6 18.Qc1 Qe7 19.Be3 Ng6 20.Ra3 Bb2 21.Qc2 Bxa3 22.Qxa4 Qxb4
23.Qxb4 Bxb4 24.Nxb7 Rb8 25.Nc5 Bxc5 26.Bxc5 Rb2 27.Bxf8 Kxf8 28.Bh5 Rxa2
29.Rb1 Ne5 30.Rb8+ Ke7 31.Rb7+ Ke8 32.d4 g6 33.dxe5 gxh5 34.Rc7 Ra5 35.Rxc6 Rxe5
36.Ra6 Rxe4 37.Rxa7 Kf8 38.h4 Rd4 39.Kg2 Rd3 40.Ra5 Rd5 41.Ra7 Rd3  1/2-1/2